• 首页
  • 本馆介绍
  • 公告通知
  • 最新文献
  • 馆藏检索
  • 电子资源
  • 读者导购
  • 参考咨询
  • 我的图书馆
  • 登录
  • 详细信息显示
  • 放入我的书架
  • 预约/预借图书
  • 作者相关作品
  • 分类相关作品
  • 丛书相关作品
  • 出版社相关作品

书目信息

  • 表格格式
  • 工作单格式
  • 卡片格式
题名:
中国著名班主任德育思想录
    
 
作者: 朱永新 主编
分册:  
出版信息: 南京   江苏教育出版社  2000
页数: 252页
开本: 20cm
丛书名: 新世纪教育文库
单 册:
中图分类: G635.16-53
科图分类:
主题词: 班主任--工作--中小学--文集 , 班主任
电子资源:
ISBN: 978-7-5343-3976-9
000 00873oam2 2200253 450
001 1256044667
005 20121006153458.04
010    @a978-7-5343-3976-9@dCNY9.10
100    @a20010201d2000 em y0chiy0110 ea
101 0  @achi
102    @aCN@b320000
105    @aa z 000yd
200 1  @a中国著名班主任德育思想录@AZhong Guo Zhu Ming Ban Zhu Ren De Yu Si Xiang Lu@f朱永新主编@FZhu Yong Xin Zhu Bian
210    @a南京@c江苏教育出版社@d2000@h2008
215    @a252页@c照片@d20cm
225 2  @a新世纪教育文库
330    @a本书收窦桂梅的《和孩子一起成长》、任小艾的《教师素质与班主任工作艺术》、钱德仁的《探索班集体建设之路》等7篇文章。
461  0 @12001 @a新世纪教育文库
606 0  @a班主任@x工作@x中小学@j文集
606 0  @a班主任
690    @aG635.16-53@v4
701  0 @a朱永新@AZhu Yong Xin@4主编
801  0 @aCN@bNLC@c20101222
905    @a10447@dG635.16-53@eJY14
    
    中国著名班主任德育思想录/朱永新主编.-南京:江苏教育出版社,2000(2008)
    252页:照片;20cm.-(新世纪教育文库)
    
    
    ISBN 978-7-5343-3976-9:CNY9.10
    本书收窦桂梅的《和孩子一起成长》、任小艾的《教师素质与班主任工作艺术》、钱德仁的《探索班集体建设之路》等7篇文章。
●
相关链接 在E读中查询图书 在五车中查询图书 在当当中查询图书 在豆瓣中查询图书


正题名:中国著名班主任德育思想录     索取号:G635.16-53/JY14         预约/预借

序号 登录号 条形码 馆藏地/架位号 状态 备注
1 7807501   278075011   学院路分馆/ [索取号:G635.16-53/JY14] 在馆    
唐山师范学院图书馆 欢迎您!
大连网信软件有限公司© 版权所有